Adresár priemyselnej výroby Slovenska

Bibliographic Details
Corporate Author: Odborná priemyselná komora (Bratislava, Slovensko) (Compiler)
Format: Book
Language:Slovak
German
PhysicalDescription:200 s. 8°
Published: Bratislava Obchodná a priemyselná komora 1940
Subjects:

MARC

LEADER 00000cam a2200000 a 4500
001 vtls008362211
003 SK-MaSNL
005 20260425225455.0
008 250313s1940 xo g ri 000 0 slo
015 |a SNBA19391941-000009 
035 |a SK01SNKBKSD120010054428 
035 |a urn:nbn:sk:snk-am3iejy 
035 |a urn:nbn:sk:snk-am00e70b 
035 |a 5A2B8BF8-8BB1-45AD-B698-E11DF4FE1AF5 
035 |a SKM000056891 
040 |a SNK  |b slo  |c SNK  |e AACR2 
041 0 |a slo  |a ger 
043 |a e-xo 
044 |a xo  |c SK 
072 7 |a 67/68  |x Remeslá. Rôzne odvetvia priemyslu  |2 konspekt 
080 |a 058  |2 1981 
245 0 0 |a Adresár priemyselnej výroby Slovenska  |c [sostavila a vydala Odborná priemyselná komora v Bratislave] 
246 1 1 |a Adressbuch der Industrieproduktion der Slowakei 
260 |a Bratislava  |b Obchodná a priemyselná komora  |c 1940  |e Bratislava  |f Slov. ľudová kníhtlačiareň 
300 |a 200 s.  |c 8° 
546 |a Súbežný názov a text v nemčine 
648 7 |a 1940  |2 SNKPH  |9 308835 
650 0 7 |a priemyselná výroba  |2 SNKPH  |9 72943 
650 0 7 |a firmy  |2 SNKPH  |9 2190 
651 7 |a Slovensko  |2 SNKPHgeo  |9 14231 
655 7 |a adresáre  |2 SNKPH  |9 70415 
655 7 |a registre  |2 SNKPH  |9 70556 
655 7 |a firemné adresáre  |2 SNK  |9 343809 
710 2 |a Odborná priemyselná komora (Bratislava, Slovensko)  |4 com  |4 pbl  |9 399258 
852 |a Slovenská národná knižnica 
958 |a OND 
958 |a RK 
958 |a TL 
958 |a DE 
999 |c 649783  |d 651713 
952 |a SNK  |b SNK  |y PREZ  |7 0  |p 17A0789574  |o snkSC 8035  |i snkKSK 861/56  |8 3  |0 0  |1 0  |4 0  |d 2012-03-12  |f 1  |l 0  |r 2025-07-04 00:00:00  |w 2026-02-23 
952 |t P60, <04>, [BOOK], {604}  |a SNK  |b SNKPULT  |y VYP  |7 0  |p 17A0018012  |o snkSC 8035 D1  |0 0  |1 0  |4 0  |d 1996-11-04  |l 1  |m 2  |q 2026-05-15  |r 2026-02-28 18:21:33  |s 2026-02-28  |w 2026-02-23 
952 |t P60, <04>, [BOOK], {604}  |a SNK  |b SNKPULT  |y VYP  |7 0  |p 17A0068632  |o snkSC 8035 D2  |0 0  |1 0  |4 0  |d 1997-05-28  |l 1  |m 2  |q 2026-05-15  |r 2026-02-28 18:21:51  |s 2026-02-28  |w 2026-02-23